000 00530nam a22001697a 4500
005 20210914101149.0
008 180409b ||||| |||| 00| 0 eng d
020 _a9781409428732
040 _cc
082 _a362.55765091724 ENT
100 _aHalkias, Daphane
_982426
245 _aEntrepreneurship and Sustainability Business Solutions for Poverty Alleviation from Around the World /
_cDaphane Halkias
260 _aUnited States ;
_bGower,
_c2012.
300 _a243 p. ;
_c24 cm.
500 _aHardcover.
942 _2ddc
_cBK
999 _c478205
_d478205